000 00362nam a2200157Ia 4500
003 OSt
005 20240219094319.0
008 170524s9999 xx 000 0 und d
020 _a8182040639
040 _cIIMT
100 _aRawat/ Negi / gupta
245 0 _aElements of Hotel Accountancy
260 _bAman Pub. New Delhi
260 _c2005
942 _2ddc
_c02
999 _c7373
_d7373